000 00871nam a2200277 i 4500
001 82072
003 ES-MaACL
005 20250731202222.0
007 t|
008 041122s2004 sp ||||1| spa d
020 _a84-339-6761-4
080 _a929 Foucault, Michel
080 _a1 Foucault, Michel
100 1 _aEribon, Didier,
_d1953-
_947385
245 1 0 _aMichel Foucault /
_cDidier Eribon ; traducción de Thomas Kauf.
250 _a1ª ed. en Compactos.
260 _aBarcelona :
_bAnagrama,
_c2004.
300 _a499 p., [16] p. de lám. ;
_c21 cm.
490 1 _aCompactos Anagrama ;
_v330
504 _aBibliografía: p. 475-483.
600 1 4 _aFoucault, Michel,
_d1926-1984
_9241486
700 1 _aKauf, Thomas.
_967639
830 0 _aCompactos Anagrama ;
_v330
_9180205
852 _aES-MaACL
_jL-28504
_bR.134221
999 _c82072
_d82072